Magyarország Rendőrségének Története A Legrégibb Időktől 1912-Ig. - A Közbiztonság Hajdan És Most. - A betyárvilág Alakjai ; Minden Jog Fenntartva

Bibliographic Details
Main Author: Tisza, Miksa (Author, Author of introduction, etc.)
Corporate Author: Szepesi Lapok - Spišské listy (Spišská Nová Ves, Slovensko) (Printer)
Format: Book
Language:Hungarian
PhysicalDescription:[4], 327 s. 25 cm
Published: Igló Nyomatott a Szepesi lapok nyomdavállalatánál 1913
Subjects:

MARC

LEADER 00000nam a2200000 a 4500
001 vtls011843754
003 SK-MaSNL
005 20260426000613.0
008 190304s1913 xo 0 an0 hun
015 |a SNBA1913 
040 |a SNKHF  |b slo  |c SNK  |e AACR2 
041 0 |a hun 
044 |a xo  |c SK 
072 7 |a 351  |x Úlohy verejnej správy, správne opatrenia. Legislatíva  |2 konspekt 
080 |a 351.74(091)  |2 2001 
100 1 |a Tisza, Miksa  |4 aut  |4 aui  |9 560899 
245 1 0 |a Magyarország Rendőrségének Története  |b A Legrégibb Időktől 1912-Ig. - A Közbiztonság Hajdan És Most. - A betyárvilág Alakjai ; Minden Jog Fenntartva  |c Irta Tisza Miksa Rendődkapitány 
260 |a Igló  |b Nyomatott a Szepesi lapok nyomdavállalatánál  |c 1913 
300 |a [4], 327 s.  |c 25 cm 
504 |a Poznámky pod textom 
508 |a Úvod autora 
650 0 7 |a dejiny polície  |2 SNKPH  |9 23148 
651 7 |a Maďarsko  |2 SNKPHgeo  |9 16754 
651 7 |a Slovensko  |2 SNKPHgeo  |9 14231 
710 2 |a Szepesi Lapok - Spišské listy (Spišská Nová Ves, Slovensko),  |d 1907-1936  |4 prt  |9 336924 
752 |a Slovensko  |d Spišská Nová Ves 
852 |a SNK  |p SC 11264 
958 |a OND 
999 |c 860267  |d 862197 
952 |a SNK  |b SNK  |y PREZ  |7 0  |p 17A0837486  |o snkSC 11264  |i snkKSK 381/58  |8 3  |0 0  |1 0  |4 0  |d 2019-03-04  |l 0  |r 2025-07-11 00:00:00  |w 2026-02-24 
952 |a SNK  |b SNK  |y VYP  |7 0  |p 17A1355128  |o snkSC 11264 D1  |i snkK 2041/62  |8 3  |0 0  |1 0  |4 0  |d 2019-03-04  |l 0  |r 2026-02-24 05:09:37  |w 2026-02-24 
952 |a SNK  |b SNK  |y VYP  |7 0  |p 17A1355129  |o snkSC 11264 D2  |i snkK 2778/73  |8 3  |0 0  |1 0  |4 0  |d 2019-03-04  |l 0  |r 2026-02-24 05:09:37  |w 2026-02-24